The great Madrassa-Mosque of Sultan Hassan /

Saved in:

Main Author: Fahim, Mohammad.

Other Authors: Zaghloul, Ali.

Format: Book

Language: English

Published: Cairo : Dar al-Maaref, 1974.

Subjects:

Tags: Add Tag

No Tags, Be the first to tag this record!

Call Number: ( P )NA6083 .H3 F3 1974

LEADER 00812nam a2200217Ia 4500
003 OSt
005 20240709062853.0
008 160309s1974 ua af b 000 0 eng
952 |0 0  |1 0  |2 lcc  |4 0  |7 1  |9 43826  |a ARCE  |b ARCE  |d 2022-11-24  |l 0  |o ( P )NA6083 .H3 F3 1974  |p 1017970  |r 2022-11-24 00:00:00  |w 2022-11-24  |y BK 
999 |c 50283  |d 50283 
040 |c ARCE Library 
050 4 |a ( P )NA6083 .H3 F3 1974 
100 1 |a Fahim, Mohammad. 
245 1 4 |a The great Madrassa-Mosque of Sultan Hassan /   |c Mohammad Fahim, Ali Zaghloul. 
264 1 |a Cairo :   |b Dar al-Maaref,   |c 1974. 
300 |a 23 pages, 3 unnumbered leaves of plates :   |b illustrations ;   |c 21 cm. 
504 |a Includes bibliographical references. 
651 0 |a Cairo (Egypt) -- Jamiʻ al-Sulṭān Ḥasan. 
700 1 |a Zaghloul, Ali. 
901 |a reviewed 
942 |2 lcc  |c BK